00482nam a22001217a 4500008004100000020001500041050002700056245014400083260004300227300001700270440005500287800001800342140814b xxu||||| |||| 00| 0 eng d a0406095515 aKD279.3.L39(1941-1943) aThe Law Report of the Incorporated council of Law Reporting(1941-1943): Probate, Divorce, and Admiralty Division. /cedited by Ralph Sutton aLondon:bButterworth & Co. Ltd,c1941. a128p.c24cm. pProbate, Divorce, and Admiralty Division 1941-1943 aSutton, Ralph